[Event "Poitiers Futuroscope Rapid"]
[Site "Poitiers"]
[Date "2019.12.01"]
[Round "3.4"]
[White "Leriche, Luc"]
[Black "Tranchant, Sebastien"]
[Result "1-0"]
[WhiteElo "2167"]
[BlackElo "2304"]
[PlyCount "161"]
[EventDate "2019.12.01"]
[EventType "swiss (rapid)"]
[EventRounds "7"]
[EventCountry "FRA"]
[SourceTitle "EXT 2021"]
[Source "ChessBase"]
[SourceDate "2020.10.23"]
[SourceVersion "1"]
[SourceVersionDate "2020.10.23"]
[SourceQuality "1"]

1. e4 c5 2. Nf3 g6 3. Bc4 Bg7 4. Nc3 Nc6 5. a3 d6 6. h3 Nf6 7. d3 0-0 8. 0-0 a6 9. Bg5 b5 10. Ba2 Rb8 11. Qd2 a5 12. Ne2 b4 13. axb4 axb4 14. Ng3 Qc7 15. c3 bxc3 16. bxc3 Rb6 17. Bc4 Bd7 18. Qf4 Ne5 19. Nxe5 dxe5 20. Qh4 Be6 21. f4 Bxc4 22. dxc4 exf4 23. Bxf4 Qd7 24. e5 Ne8 25. Rad1 Qe6 26. Ne4 Qxc4 27. Bg5 Qe2 28. Rde1 Qc2 29. Bxe7 Rb2 30. Rf2 Qb3 31. Rxb2 Qxb2 32. Bxf8 Kxf8 33. Nf6 Qxc3 34. Nxh7+ Kg8 35. Ng5 Nc7 36. Rf1 Qd4+ 37. Qxd4 cxd4 38. Rxf7 Bxe5 39. Re7 Bf6 40. Rxc7 Bxg5 41. Rd7 Bf6 42. Kf2 Kf8 43. Ke2 Ke8 44. Rd5 Kf7 45. g4 Ke6 46. Rb5 Bh4 47. Rb6+ Kf7 48. Rd6 Bf6 49. Kd3 Be5 50. Ra6 Kg7 51. g5 Bf4 52. Ra7+ Kg8 53. Kxd4 Bxg5 54. Ke5 Kf8 55. Ke4 Kg8 56. Kf3 Kf8 57. Kg4 Bf6 58. Rh7 Kg8 59. Rb7 Kf8 60. h4 Ke8 61. Ra7 Kf8 62. Rd7 Ke8 63. Rb7 Kf8 64. h5 gxh5+ 65. Kxh5 Ke8 66. Kg6 Bd4 67. Kf5 Kd8 68. Ke6 Kc8 69. Rh7 Bf2 70. Kd5 Bg3 71. Rg7 Bf4 72. Kc6 Kb8 73. Rg8+ Ka7 74. Rf8 Bh2 75. Rf2 Bg3 76. Rf3 Bh2 77. Rb3 Bf4 78. Rb7+ Ka8 79. Rf7 Bg3 80. Kb6 Bf2+ 81. Rxf2 1-0

[Event "Barcelona Sant Marti op-A 17th"]
[Site "Barcelona"]
[Date "2015.07.18"]
[Round "6"]
[White "Singhai, Niklesh Jain"]
[Black "Leriche, Luc"]
[Result "1/2-1/2"]
[WhiteElo "1904"]
[BlackElo "2132"]
[PlyCount "79"]
[EventDate "2015.07.13"]
[EventType "swiss"]
[EventRounds "9"]
[EventCountry "ESP"]
[SourceTitle "CBM 167 Extra"]
[Source "ChessBase"]
[SourceDate "2015.09.14"]
[SourceVersion "1"]
[SourceVersionDate "2015.09.14"]
[SourceQuality "1"]

1. e4 c5 2. Nf3 d6 3. Bb5+ Bd7 4. Bxd7+ Qxd7 5. c4 Nf6 6. Nc3 g6 7. d4 cxd4 8. Nxd4 Bg7 9. f3 0-0 10. 0-0 Re8 11. b3 Nc6 12. Be3 a6 13. a4 Qd8 14. Qd2 Qa5 15. Rfd1 e6 16. Rab1 Red8 17. Nde2 Rac8 18. Kh1 Rd7 19. Bg5 Rcd8 20. Qf4 Nh5 21. Qe3 Bf6 22. Bxf6 Nxf6 23. Qf4 Kg7 24. g4 h6 25. Rd2 Qe5 26. Rbd1 Qxf4 27. Nxf4 Na5 28. Rb1 Ne8 29. Ng2 Nc6 30. Ne3 Nb4 31. Rbd1 Nc7 32. Kg2 Kf8 33. f4 Ke7 34. h4 Nc6 35. Kg3 Nb4 36. g5 h5 37. f5 Nc6 38. f6+ Ke8 39. Nc2 Ne5 40. Ne3 1/2-1/2

[Event "Paris-ch op-A 89th"]
[Site "Paris"]
[Date "2014.07.07"]
[Round "3"]
[White "Leriche, Luc"]
[Black "Gromovs, Sergejs"]
[Result "0-1"]
[WhiteElo "2127"]
[BlackElo "2217"]
[PlyCount "121"]
[EventDate "2014.07.05"]
[EventType "swiss"]
[EventRounds "9"]
[EventCountry "FRA"]
[SourceTitle "EXT 2016"]
[Source "ChessBase"]
[SourceDate "2015.10.08"]
[SourceVersion "1"]
[SourceVersionDate "2015.10.08"]
[SourceQuality "1"]

1. e4 c5 2. Nf3 Nc6 3. Bb5 Na5 4. c3 a6 5. Ba4 b5 6. Bc2 d6 7. d4 Qc7 8. Bf4 cxd4 9. cxd4 Nc4 10. b3 Nb6 11. 0-0 Bg4 12. Nbd2 Rc8 13. Rc1 e5 14. Be3 Ne7 15. Bd3 Qb7 16. Qe2 Nd7 17. a4 Rb8 18. Rc2 exd4 19. Bxd4 Nc6 20. Bc3 Nde5 21. axb5 axb5 22. Rfc1 Be7 23. h3 Bd7 24. Nd4 Nxd3 25. Qxd3 Ne5 26. Qg3 g5 27. Nf5 f6 28. Bxe5 dxe5 29. Ng7+ Kf7 30. Rc7 Rhc8 31. Rxb7 Rxc1+ 32. Kh2 Rxb7 33. Nf5 Bxf5 34. exf5 Rd7 35. Ne4 Rd4 36. Qf3 Kg7 37. Ng3 Rc2 38. Qb7 Kf8 39. Qb8+ Rd8 40. Qb6 Rd4 41. Qb8+ Rd8 42. Qb6 Rd4 43. Qb8+ Kf7 44. Qh8 Rh4 45. Qa8 Rd2 46. Qc6 Rd6 47. Qxb5 Rhd4 48. Qe2 Kg7 49. Qb5 Rd7 50. Qc6 R4d6 51. Qa4 Bd8 52. b4 Rc7 53. Qb5 Kf7 54. Ne4 Rd1 55. Nc5 Ke7 56. Qa6 Rd6 57. Qc4 Ra7 58. Qg8 Bb6 59. Qxh7+ Ke8 60. Qg8+ Ke7 61. Ne4 0-1

[Event "Avoine op 28th"]
[Site "Avoine"]
[Date "2013.07.27"]
[Round "8"]
[White "Leriche, Luc"]
[Black "Letonnelier, Jean Pierre"]
[Result "1-0"]
[WhiteElo "2110"]
[BlackElo "1881"]
[PlyCount "45"]
[EventDate "2013.07.20"]
[EventType "swiss"]
[EventRounds "9"]
[EventCountry "FRA"]
[SourceTitle "CBM 155 Extra"]
[Source "ChessBase"]
[SourceDate "2013.08.26"]
[SourceVersion "1"]
[SourceVersionDate "2013.08.26"]
[SourceQuality "1"]

1. e4 e6 2. d4 d5 3. Nd2 Nf6 4. e5 Nfd7 5. Ngf3 c5 6. c3 Nc6 7. Bd3 Qb6 8. 0-0 cxd4 9. cxd4 Nxd4 10. Nxd4 Qxd4 11. Nf3 Qb6 12. Qa4 a6 13. Be3 Qd8 14. Rac1 Be7 15. Qg4 g6 16. Rc2 f5 17. exf6 Nxf6 18. Bxg6+ hxg6 19. Qxg6+ Kf8 20. Bh6+ Rxh6 21. Qxh6+ Kg8 22. Qg6+ Kh8 23. Ng5 1-0

[Event "Avoine op 28th"]
[Site "Avoine"]
[Date "2013.07.24"]
[Round "5"]
[White "Auvray, Honorine"]
[Black "Leriche, Luc"]
[Result "1-0"]
[WhiteElo "1835"]
[BlackElo "2110"]
[PlyCount "53"]
[EventDate "2013.07.20"]
[EventType "swiss"]
[EventRounds "9"]
[EventCountry "FRA"]
[SourceTitle "CBM 155 Extra"]
[Source "ChessBase"]
[SourceDate "2013.08.26"]
[SourceVersion "1"]
[SourceVersionDate "2013.08.26"]
[SourceQuality "1"]

1. e4 c5 2. Nf3 d6 3. d4 cxd4 4. Nxd4 Nf6 5. Nc3 a6 6. f3 e5 7. Nb3 Be6 8. Be3 Be7 9. Qd2 0-0 10. 0-0-0 a5 11. a4 Nc6 12. g4 Nb4 13. g5 Ne8 14. Kb1 Rc8 15. f4 exf4 16. Bxf4 d5 17. exd5 Bf5 18. Nd4 Bg6 19. h4 Rxc3 20. Qxc3 Nxd5 21. Qf3 Nxf4 22. Qxf4 Qd5 23. Bb5 Bd6 24. Qe3 Nc7 25. h5 Be4 26. Rhe1 Bg2 27. Nb3 1-0

[Event "Avoine op 28th"]
[Site "Avoine"]
[Date "2013.07.22"]
[Round "3"]
[White "Stephan, Victor"]
[Black "Leriche, Luc"]
[Result "1-0"]
[WhiteElo "2337"]
[BlackElo "2110"]
[PlyCount "69"]
[EventDate "2013.07.20"]
[EventType "swiss"]
[EventRounds "9"]
[EventCountry "FRA"]
[SourceTitle "CBM 155 Extra"]
[Source "ChessBase"]
[SourceDate "2013.08.26"]
[SourceVersion "1"]
[SourceVersionDate "2013.08.26"]
[SourceQuality "1"]

1. d4 Nf6 2. c4 c5 3. d5 b5 4. cxb5 a6 5. bxa6 g6 6. Nc3 Bxa6 7. e4 Bxf1 8. Kxf1 d6 9. Nf3 Nbd7 10. g3 Bg7 11. Kg2 0-0 12. Qe2 Nb6 13. a4 Ra5 14. Bd2 Ng4 15. b3 Qa8 16. Ra2 Rc8 17. Rc1 Ra6 18. Nb5 c4 19. Rac2 Qb7 20. a5 cxb3 21. Rxc8+ Nxc8 22. Rc7 Qb8 23. Qc4 Ra8 24. Qxb3 Na7 25. Rxa7 Rxa7 26. Qc4 Rb7 27. Nbd4 Rc7 28. Nc6 Qa7 29. Qe2 Qa8 30. h3 Ne5 31. Nfxe5 Bxe5 32. a6 Rxc6 33. dxc6 Qxc6 34. Qd3 f5 35. Qd5+ 1-0

[Event "FRA-ch U18"]
[Site "Saint Paul Trois Chateaux"]
[Date "2013.05.03"]
[Round "6"]
[White "N'Guyen, Emilien"]
[Black "Leriche, Luc"]
[Result "1-0"]
[WhiteElo "2136"]
[BlackElo "2042"]
[PlyCount "54"]
[EventDate "2013.04.28"]
[EventType "swiss"]
[EventRounds "9"]
[EventCountry "FRA"]
[SourceTitle "CBM 154 Extra"]
[Source "ChessBase"]
[SourceDate "2013.06.25"]
[SourceVersion "2"]
[SourceVersionDate "2013.06.25"]
[SourceQuality "1"]

1. d4 Nf6 2. c4 c5 3. d5 e5 4. Nc3 d6 5. e4 Be7 6. Be2 Nbd7 7. Nf3 0-0 8. 0-0 Ne8 9. a3 g6 10. b4 Ng7 11. Be3 b6 12. Nd2 Bg5 13. Bxg5 Qxg5 14. Nb3 f5 15. Qd3 f4 16. bxc5 Nxc5 17. Nxc5 bxc5 18. Rfb1 h5 19. Ra2 Qe7 20. Rab2 g5 21. Bd1 g4 22. Ba4 a6 23. Bc6 Ra7 24. Na4 h4 25. Nb6 Qg5 26. Nxc8 Rxc8 27. f3 Rf8 1-0

[Event "Avoine op 27th"]
[Site "Avoine"]
[Date "2012.07.27"]
[Round "7"]
[White "Dornbusch, Tatiana"]
[Black "Leriche, Luc"]
[Result "1-0"]
[WhiteElo "2327"]
[BlackElo "2084"]
[PlyCount "89"]
[EventDate "2012.07.21"]
[EventType "swiss"]
[EventRounds "9"]
[EventCountry "FRA"]
[SourceTitle "CBM 149 Extra"]
[Source "ChessBase"]
[SourceDate "2012.08.24"]
[SourceVersion "1"]
[SourceVersionDate "2012.08.24"]
[SourceQuality "1"]

1. d4 Nf6 2. Nf3 c5 3. d5 b5 4. Bg5 Qb6 5. Bxf6 Qxf6 6. c3 Qb6 7. e4 g6 8. Nbd2 Bg7 9. a4 b4 10. Nc4 Qb7 11. e5 d6 12. Be2 bxc3 13. bxc3 0-0 14. 0-0 Qc7 15. Nfd2 Ba6 16. Re1 Bxc4 17. Nxc4 Bxe5 18. Nxe5 dxe5 19. Bf3 Qd6 20. Rb1 Nd7 21. Be2 Rab8 22. Bb5 Nb6 23. c4 Rfd8 24. Qe2 f6 25. f4 exf4 26. Qxe7 Qxe7 27. Rxe7 Nxc4 28. Rc1 Ne3 29. Rxc5 Rxd5 30. Rcc7 Rd2 31. Rg7+ Kh8 32. Rxh7+ Kg8 33. Rcg7+ Kf8 34. Rxa7 Rxg2+ 35. Kh1 Kg8 36. Bc4+ Nxc4 37. Kxg2 Ne3+ 38. Kf3 Nf5 39. Rhd7 g5 40. Kg4 Ne3+ 41. Kh5 Nc4 42. Rg7+ Kh8 43. Rh7+ Kg8 44. Rag7+ Kf8 45. Kh6 1-0

[Event "Avoine op 27th"]
[Site "Avoine"]
[Date "2012.07.25"]
[Round "5"]
[White "Chandran, Franck"]
[Black "Leriche, Luc"]
[Result "0-1"]
[WhiteElo "1706"]
[BlackElo "2084"]
[PlyCount "56"]
[EventDate "2012.07.21"]
[EventType "swiss"]
[EventRounds "9"]
[EventCountry "FRA"]
[SourceTitle "CBM 149 Extra"]
[Source "ChessBase"]
[SourceDate "2012.08.24"]
[SourceVersion "1"]
[SourceVersionDate "2012.08.24"]
[SourceQuality "1"]

1. d4 c5 2. e3 cxd4 3. exd4 d5 4. Nf3 Bg4 5. Bd3 Nc6 6. c3 e6 7. Nbd2 Bd6 8. Qa4 Qc7 9. h3 Bh5 10. 0-0 Nf6 11. c4 dxc4 12. Bxc4 0-0 13. Bd3 Nb4 14. Bb1 Rfc8 15. a3 Nbd5 16. Ne4 Bxf3 17. Nxf6+ Nxf6 18. gxf3 Bf4 19. Bd3 Bxc1 20. Raxc1 Qf4 21. Rxc8+ Rxc8 22. Bc2 Nd5 23. Qd7 Rf8 24. Rd1 Qg5+ 25. Kf1 Nf4 26. Qxb7 Qg2+ 27. Ke1 Nxh3 28. Qxa7 Qxf2# 0-1

[Event "FRA-chTB U20 1011"]
[Site "France"]
[Date "2010.12.18"]
[Round "4.1"]
[White "Leriche, Luc"]
[Black "Viennot, Dylan"]
[Result "0-1"]
[WhiteElo "1968"]
[BlackElo "2032"]
[PlyCount "88"]
[EventDate "2010.11.20"]
[EventType "team-tourn"]
[EventRounds "7"]
[EventCountry "FRA"]
[SourceTitle "EXT 2012"]
[Source "ChessBase"]
[SourceDate "2011.11.24"]
[SourceVersion "1"]
[SourceVersionDate "2011.11.24"]
[SourceQuality "1"]
[WhiteTeam "Niort"]
[BlackTeam "Mulhouse"]
[WhiteTeamCountry "FRA"]
[BlackTeamCountry "FRA"]

1. e4 e6 2. d4 d5 3. Nd2 Be7 4. Ngf3 Nf6 5. e5 Nfd7 6. c3 c5 7. Bd3 Nc6 8. 0-0 a5 9. Re1 cxd4 10. cxd4 g5 11. h3 h5 12. Nf1 g4 13. hxg4 hxg4 14. N3h2 Nxd4 15. Qxg4 Bc5 16. Bg5 Qb6 17. Qf4 Nc6 18. Ng4 Qb4 19. Qf3 Be7 20. a3 Qxb2 21. Bxe7 Nxe7 22. Nf6+ Nxf6 23. exf6 Nc6 24. Qxd5 Qxa1 25. Qxc6+ bxc6 26. Rxa1 Ba6 27. Be4 Rc8 28. Rb1 Bxf1 29. Rxf1 Rh6 30. Rc1 c5 31. Rc4 Rxf6 32. Ra4 c4 33. Rxa5 c3 34. Bc2 Rf4 35. Re5 Rd4 36. Re2 Rd2 37. Kf1 Rcd8 38. Ba4+ Ke7 39. Ke1 Rxe2+ 40. Kxe2 Ra8 41. Bc2 Rxa3 42. Kd3 Kd6 43. Kc4 Ke5 44. Bb3 Rxb3 0-1

[Event "FRA-chTB U20 1011"]
[Site "France"]
[Date "2010.11.21"]
[Round "3.2"]
[White "Msellek, Ilyass"]
[Black "Leriche, Luc"]
[Result "1-0"]
[WhiteElo "2059"]
[BlackElo "1968"]
[PlyCount "75"]
[EventDate "2010.11.20"]
[EventType "team-tourn"]
[EventRounds "7"]
[EventCountry "FRA"]
[SourceTitle "EXT 2012"]
[Source "ChessBase"]
[SourceDate "2011.11.24"]
[SourceVersion "1"]
[SourceVersionDate "2011.11.24"]
[SourceQuality "1"]
[WhiteTeam "Villepinte"]
[BlackTeam "Niort"]
[WhiteTeamCountry "FRA"]
[BlackTeamCountry "FRA"]

1. Nf3 Nf6 2. d4 c5 3. e3 g6 4. b3 Bg7 5. Bb2 0-0 6. Nbd2 cxd4 7. exd4 d6 8. Be2 b6 9. 0-0 Bb7 10. c4 Nbd7 11. Re1 Re8 12. Bf1 Qc7 13. d5 a6 14. Nd4 b5 15. a4 bxc4 16. bxc4 Rab8 17. N4b3 Nc5 18. Nxc5 Qxc5 19. Nb3 Qc7 20. a5 Bc8 21. Bd4 Nd7 22. Bxg7 Kxg7 23. Nd4 Bb7 24. Ra3 Ne5 25. Qa1 Kg8 26. Rc1 Rec8 27. f4 Nd7 28. Re1 Nf6 29. Rae3 Re8 30. Qa3 Kf8 31. f5 Ng4 32. Rh3 Kg7 33. Qg3 Qxa5 34. Rd1 Nf6 35. fxg6 fxg6 36. Ne6+ Kf7 37. Bd3 Rh8 38. Rxh7+ 1-0

[Event "FRA-ch U16"]
[Site "Troyes"]
[Date "2010.04.17"]
[Round "8"]
[White "Leriche, Luc"]
[Black "Domenech, Vianney"]
[Result "0-1"]
[WhiteElo "1993"]
[BlackElo "2050"]
[PlyCount "38"]
[EventDate "2010.04.11"]
[EventType "swiss"]
[EventRounds "9"]
[EventCountry "FRA"]
[SourceTitle "EXT 2012"]
[Source "ChessBase"]
[SourceDate "2011.11.24"]
[SourceVersion "1"]
[SourceVersionDate "2011.11.24"]
[SourceQuality "1"]

1. e4 d5 2. exd5 Qxd5 3. Nf3 Bg4 4. Be2 Nc6 5. d4 0-0-0 6. Be3 Nh6 7. Nc3 Qd7 8. d5 Nb4 9. Bxh6 gxh6 10. a3 Nxd5 11. Qd4 Bxf3 12. Qxh8 Bxe2 13. Nxe2 Nf4 14. Nxf4 Qd2+ 15. Kf1 Qxf4 16. Qc3 Rd2 17. f3 Bg7 18. Qc5 Bd4 19. Qa5 Rf2+ 0-1

[Event "Avoine op 24th"]
[Site "Avoine"]
[Date "2009.07.22"]
[Round "5"]
[White "Debray, Christopher"]
[Black "Leriche, Luc"]
[Result "1-0"]
[WhiteElo "2328"]
[BlackElo "1832"]
[PlyCount "51"]
[EventDate "2009.07.18"]
[EventType "swiss"]
[EventRounds "9"]
[EventCountry "FRA"]
[SourceTitle "CBM 131 Extra"]
[Source "ChessBase"]
[SourceDate "2009.09.03"]
[SourceVersion "2"]
[SourceVersionDate "2009.09.16"]
[SourceQuality "1"]

1. e4 c5 2. Nf3 d6 3. Bb5+ Bd7 4. Bxd7+ Qxd7 5. 0-0 Nc6 6. c3 Nf6 7. d4 cxd4 8. cxd4 e6 9. d5 exd5 10. exd5 Ne5 11. Re1 Qc7 12. Bf4 Nfd7 13. Qa4 f6 14. Nd4 Kf7 15. Ne6 Qb6 16. Be3 Nc5 17. Bxc5 dxc5 18. Nc3 Bd6 19. f4 c4+ 20. Kh1 Nd3 21. Qd7+ Be7 22. Ng5+ Kg6 23. g4 fxg5 24. Re6+ Bf6 25. Rxb6 axb6 26. Qf5+ 1-0

[Event "Avoine op 24th"]
[Site "Avoine"]
[Date "2009.07.20"]
[Round "3"]
[White "Gros, Patrick"]
[Black "Leriche, Luc"]
[Result "1/2-1/2"]
[WhiteElo "2049"]
[BlackElo "1832"]
[PlyCount "28"]
[EventDate "2009.07.18"]
[EventType "swiss"]
[EventRounds "9"]
[EventCountry "FRA"]
[SourceTitle "CBM 131 Extra"]
[Source "ChessBase"]
[SourceDate "2009.09.03"]
[SourceVersion "2"]
[SourceVersionDate "2009.09.16"]
[SourceQuality "1"]

1. c4 c6 2. g3 d5 3. Bg2 Nf6 4. Nf3 Bf5 5. b3 Nbd7 6. Bb2 e6 7. 0-0 Bd6 8. d4 h5 9. Nbd2 Qc7 10. c5 Be7 11. b4 Ne4 12. Nxe4 Bxe4 13. Nd2 Bxg2 14. Kxg2 Nf6 1/2-1/2

[Event "FRA-ch U10"]
[Site "Le Grand Bornand"]
[Date "2007.04.??"]
[Round "7"]
[White "Leriche, Luc"]
[Black "Brandt, Anatole"]
[Result "1-0"]
[WhiteElo "1780"]
[BlackElo "1710"]
[PlyCount "65"]
[EventDate "2007.04.07"]
[EventType "swiss"]
[EventRounds "9"]
[EventCountry "FRA"]
[SourceTitle "CBM 118 Extra"]
[Source "ChessBase"]
[SourceDate "2007.07.04"]
[SourceVersion "1"]
[SourceVersionDate "2007.07.04"]
[SourceQuality "1"]

1. e4 c5 2. Nf3 Nc6 3. Nc3 d6 4. d4 cxd4 5. Nxd4 Nf6 6. Bg5 e6 7. Ndb5 a6 8. Bxf6 gxf6 9. Nd4 Bd7 10. Be2 Rg8 11. Bf3 Rc8 12. Nxc6 Bxc6 13. 0-0 Be7 14. Qd2 Rg7 15. Qh6 Bf8 16. Qe3 Be7 17. Rad1 Qc7 18. Qh6 Kf8 19. Rfe1 f5 20. Qf4 fxe4 21. Bxe4 d5 22. Qxc7 Rxc7 23. Bf3 d4 24. Ne4 f5 25. Nd2 Bxf3 26. Nxf3 Rxc2 27. Nxd4 Rxb2 28. Nxe6+ Kf7 29. Nxg7 Bc5 30. Rd7+ Kg6 31. Rf1 Rxa2 32. Rxb7 a5 33. Ne6 1-0

[Event "FRA-ch U10"]
[Site "Le Grand Bornand"]
[Date "2007.04.??"]
[Round "3"]
[White "Leriche, Luc"]
[Black "Turlin, Simon"]
[Result "1-0"]
[WhiteElo "1780"]
[BlackElo "1640"]
[PlyCount "33"]
[EventDate "2007.04.07"]
[EventType "swiss"]
[EventRounds "9"]
[EventCountry "FRA"]
[SourceTitle "CBM 118 Extra"]
[Source "ChessBase"]
[SourceDate "2007.07.04"]
[SourceVersion "1"]
[SourceVersionDate "2007.07.04"]
[SourceQuality "1"]

1. e4 e6 2. d4 d5 3. Nc3 Nf6 4. e5 Nfd7 5. f4 c5 6. Nf3 Nc6 7. Be3 Qb6 8. a3 Qxb2 9. Na4 Qxa1 10. Qxa1 c4 11. Be2 Be7 12. 0-0 0-0 13. Nc5 b6 14. Nxd7 Bxd7 15. c3 Na5 16. Nd2 Ba4 17. g4 1-0

[Event "FRA-chT U20 0304"]
[Site "France"]
[Date "2004.05.02"]
[Round "11"]
[White "Leriche, Luc"]
[Black "Guinard, Charline"]
[Result "1-0"]
[WhiteElo "1350"]
[BlackElo "1060"]
[PlyCount "111"]
[EventDate "2003.11.??"]
[EventType "team"]
[EventRounds "11"]
[EventCountry "FRA"]
[SourceTitle "EXT 2005"]
[Source "ChessBase"]
[SourceDate "2004.11.15"]
[SourceVersion "1"]
[SourceVersionDate "2004.11.15"]
[SourceQuality "1"]
[WhiteTeam "Toulouse"]
[BlackTeam "Guingamp"]
[WhiteTeamCountry "FRA"]
[BlackTeamCountry "FRA"]

1. e4 e5 2. Nf3 Nc6 3. Bc4 Bc5 4. Nc3 Nf6 5. d3 d6 6. h3 a6 7. Bg5 Be6 8. Bb3 h6 9. Bxf6 Qxf6 10. Nd5 Bxd5 11. Bxd5 Ne7 12. Bxb7 Rb8 13. Bxa6 Rxb2 14. Rb1 Bb4+ 15. Kf1 Bc3 16. Rxb2 Bxb2 17. Qb1 0-0 18. Qxb2 Nc6 19. Kg1 Qf4 20. Qb1 Rb8 21. Qe1 Rb2 22. Nh2 Rxc2 23. Qe3 Rxa2 24. Qxf4 Ra1+ 25. Nf1 exf4 26. Bc8 Na5 27. Kh2 Nb3 28. g3 f3 29. Ne3 Ra2 30. Rf1 Nd2 31. Rh1 Nb3 32. Kg1 Nc1 33. Bg4 Nxd3 34. Bxf3 Nxf2 35. Rh2 Ra1+ 36. Kxf2 c5 37. Rh1 Ra2+ 38. Be2 Ra3 39. Nc4 Ra6 40. Ne5 dxe5 41. Bxa6 Kf8 42. Rc1 Kg8 43. Rxc5 Kh7 44. Rxe5 f6 45. Rf5 Kg6 46. Ke3 h5 47. Kf4 h4 48. gxh4 Kf7 49. e5 g6 50. Rxf6+ Kg7 51. Bb5 Kh6 52. e6 Kh5 53. e7 Kxh4 54. e8Q g5+ 55. Kf3 Kxh3 56. Qh5# 1-0

[Event "FRA-chT U20 0304"]
[Site "France"]
[Date "2004.05.01"]
[Round "10"]
[White "Leriche, Luc"]
[Black "Lagarde, Maxime"]
[Result "1/2-1/2"]
[WhiteElo "1350"]
[BlackElo "1460"]
[PlyCount "65"]
[EventDate "2003.11.??"]
[EventType "team"]
[EventRounds "11"]
[EventCountry "FRA"]
[SourceTitle "EXT 2005"]
[Source "ChessBase"]
[SourceDate "2004.11.15"]
[SourceVersion "1"]
[SourceVersionDate "2004.11.15"]
[SourceQuality "1"]
[WhiteTeam "Toulouse"]
[BlackTeam "Niort"]
[WhiteTeamCountry "FRA"]
[BlackTeamCountry "FRA"]

1. e4 g6 2. d4 Bg7 3. Nf3 d6 4. c4 c6 5. Nc3 Nd7 6. Bg5 Qa5 7. Be2 h6 8. Be3 Qc7 9. 0-0 g5 10. h3 f6 11. d5 c5 12. Nb5 Qb6 13. Qd2 a6 14. Nc3 Nf8 15. Na4 Qc7 16. b4 Bd7 17. Bd1 b5 18. Nb2 f5 19. exf5 bxc4 20. Rc1 c3 21. Rxc3 Bxc3 22. Qxc3 Nf6 23. Bc2 Rc8 24. bxc5 dxc5 25. Rd1 N8h7 26. Nd3 Bxf5 27. Ba4+ Bd7 28. Bxd7+ Qxd7 29. Nxc5 Qd6 30. Qd4 0-0 31. Nb7 Qc7 32. Nc5 Qd6 33. Nb7 1/2-1/2

[Event "FRA-chT U20 0304"]
[Site "France"]
[Date "2004.01.04"]
[Round "7"]
[White "Treand, Victor"]
[Black "Leriche, Luc"]
[Result "0-1"]
[WhiteElo "1070"]
[BlackElo "1350"]
[PlyCount "46"]
[EventDate "2003.11.??"]
[EventType "team"]
[EventRounds "11"]
[EventCountry "FRA"]
[SourceTitle "EXT 2005"]
[Source "ChessBase"]
[SourceDate "2004.11.15"]
[SourceVersion "1"]
[SourceVersionDate "2004.11.15"]
[SourceQuality "1"]
[WhiteTeam "Nancy"]
[BlackTeam "Toulouse"]
[WhiteTeamCountry "FRA"]
[BlackTeamCountry "FRA"]

1. e4 e5 2. d4 exd4 3. c3 dxc3 4. Nxc3 Nc6 5. Bc4 Nf6 6. Nf3 Bb4 7. 0-0 d6 8. Bg5 Bg4 9. Re1 Qd7 10. Rc1 0-0-0 11. a3 Ba5 12. b4 Bb6 13. Nd5 Rhf8 14. Nxf6 gxf6 15. Bxf6 Rde8 16. Qb3 Bxf3 17. gxf3 Rg8+ 18. Kh1 Qh3 19. Rg1 Rxg1+ 20. Rxg1 Bd4 21. Bxf7 Bxf2 22. Bxe8 Bxg1 23. Bxc6 Qxh2# 0-1